US Number 1 Singles - 1977 - Statistics

General Stats
  • This quiz has been taken 56 times
  • The average score is 17 of 28
Answer Stats
Hint Answer % Correct
Dancing Queen Abba
100%
New Kid In Town Eagles
100%
Hotel California Eagles
100%
How Deep Is Your Love Bee Gees
98%
Dreams Fleetwood Mac
84%
Car Wash Rose Royce
84%
I Wish Stevie Wonder
84%
Sir Duke Stevie Wonder
84%
Love Theme From A Star Is Born (Evergreen) Barbra Streisand
81%
Blinded By The Light Manfred Mann's Earth Band
81%
You Make Me Feel Like Dancing Leo Sayer
77%
When I Need You Leo Sayer
77%
Don't Give Up On Us David Soul
70%
Rich Girl Daryl Hall And John Oates
65%
I'm Your Boogie Man KC And The Sunshine Band
60%
You Light Up My Life Debby Boone
58%
Southern Nights Glen Campbell
58%
I Just Wanna be Your Everything Andy Gibb
51%
Looks Like We Made It Barry Manilow
44%
Don't Leave Me This Way Thelma Houston
44%
Da Do Ron Ron Shaun Cassidy
40%
Best Of My Love Emotions
35%
Got To Give It Up (Part 1) Marvin Gaye
35%
Torn Between Two Lovers Mary MacGregor
35%
You Don't Have To Be A Star Marilyn McCoo And Billy Davis
30%
Gonna Fly Now Bill Conti
28%
Star Wars Theme/Cantina Band Meco
26%
Undercover Angel Alan O'Day
21%
No matching quizzes found
Score Distribution
Percent of People with Each Score
Percentile by Number Answered
Your Score History
You have not taken this quiz